Responses for Show #5632 - Tuesday, February 17, 2009

Contestants

[<< previous game]

Lane Galloway, a software development director from Seattle, Washington

Annette Meier, a high school science teacher from Nederland, Texas

Dan Smith, a student from Chicago, Illinois (whose 1-day cash winnings total $33,601)

[next game >>]

Jeopardy! Round responses

MEDICAL MILESTONES
GET INTO GERE
COATS OF ARMS
NIGHTLY NEWS WORDS
LITERARY CROSSWORD CLUES "L"
MNOW YOUR MNEMONICS
    $200 16
test tube baby

Lane
    $200 21
Chicago

Lane
    $200 26
(Lane: What is the mountain lion?)

the jaguar

Lane
Triple Stumper
    $200 9
a bear

Lane
    $200 1
Lord

Lane
    $200 4
the rainbow (or spectrum)

Dan
    $400 17
aspirin

Lane
    $400 22
An Officer and a Gentleman

Lane
    $400 27
a raven

Dan
    $400 10
a golden parachute

Lane
    $400 2
a Lyre

Dan
    $400 5
elephants

Dan
    $600 18
(Lane: What is a tracheotomy?)

CPR

AnnetteLane
    $600 23
American Gigolo

Lane
    $600 28
Mount Ararat

Lane
    $600 11
commute

Lane
    $600 3
(Lane: What is Lost?)

Last

AnnetteLane
    $600 6
(Annette: What is rook & bishop?)
(Lane: What are the king & queen?)

rooks, bishops & knights

AnnetteLane
Triple Stumper
    $800 19
diphtheria

Dan
    $800 24
Runaway Bride

Dan
    $800 29
Romania

Dan
    $800 12
vet

Lane
    $1,000 14
(Lane: [No response])

Longfellow

Lane
    $800 7
the planets

Dan
    $1000 20
a thermometer

Dan
    $1000 25
Unfaithful

Triple Stumper
    $1000 30
(Lane: What is Chile?)

Uruguay

DanLane
    $1000 13
socialism

Triple Stumper
    $1000 15
Lily

Annette
    $1000 8
Pythagoras

Lane

Scores at the first commercial break (after clue 14):

Dan Annette Lane
$1,800 $0 $1,000

Scores at the end of the Jeopardy! Round:

Dan Annette Lane
$6,600 $1,600 $1,600

Double Jeopardy! Round responses

COMPOSERS
BODY OF MUSIC
ARTY FACTS
IT HAPPENED IN VIRGINIA
RATED "R"
FOR GEOGRAPHIC VIOLENCE
    $400 1
Elizabeth II

Lane
    $400 6
"Under My Thumb"

Triple Stumper
    $400 10
Mexico

Dan
    $400 21
a roller coaster

Dan
    $400 15
to rustle

Annette
    $400 26
Gettysburg

Dan
    $800 2
Debussy

Lane
    $800 7
(Dan: What is thumb?)

wrist

DanAnnette
    $800 11
Marie Antoinette

Lane
    $800 22
Eisenhower & Churchill

Dan
    $800 16
a roundhouse

Lane
    $800 27
Bunker Hill

Lane
    $1200 3
Haydn

Lane
    $1200 8
"Open Arms"

Dan
    $4,000 12
a bow and arrow

Lane
    $1200 23
(Lane: Who is Zachary Taylor?)

James Madison

Lane
Triple Stumper
    $1200 17
the Rubicon

Lane
    $1200 28
Sarajevo

Lane
    $1600 4
Vivaldi

Annette
    $1600 9
"Sister Golden Hair"

Triple Stumper
    $1600 13
van Eyck

Annette
    $1600 24
Jamestown

Dan
    $2,000 18
(Lane: What is romantic?)

radical

Lane
    $1600 29
[The end-of-round signal sounds.]

Dien Bien Phu

Dan
    $2000 5
Franz Liszt

Lane
    $2000 20
your feet

Triple Stumper
    $2000 14
mannerism

Dan
    $2000 25
(Douglas) Wilder

Lane
    $2000 19
ruthless

Dan

Scores at the end of the Double Jeopardy! Round:

Dan Annette Lane
$16,200 $6,000 $13,600

[wagering suggestions for these scores]

Final Jeopardy! Round responses

AMERICAN BUSINESS
AnnetteWhat is Uhaul?
$6,000
LaneWhat is U-Haul?
$3,000
DanWhat is U-Haul?
$4,199
U-Haul

Final scores:

Dan Annette Lane
$20,399 $12,000 $16,600
2-day champion: $54,000 3rd place: $1,000 2nd place: $2,000

Game dynamics:

Coryat scores:

Dan Annette Lane
$16,200 $6,000 $13,800
19 R,
1 W
7 R,
1 W
23 R
(including 1 DD),
8 W
(including 2 DDs)

Combined Coryat: $36,000

[game clues] [game scores] [suggest correction]

Game tape date: 2008-12-03
The J! Archive is created by fans, for fans. Scraping, republication, monetization, and malicious use prohibited; this site may use cookies and collect identifying information. See terms. The Jeopardy! game show and all elements thereof, including but not limited to copyright and trademark thereto, are the property of Jeopardy Productions, Inc. and are protected under law. This website is not affiliated with, sponsored by, or operated by Jeopardy Productions, Inc. Join the discussion at JBoard.tv.